[Event "ICS rated blitz match"]
[Site "204.178.125.65"]
[Date "2001.08.21"]
[Round "?"]
[White "Hossa"]
[Black "NewHal9000"]
[Result "1/2-1/2"]
[WhiteElo "2637"]
[BlackElo "2727"]
[PlyCount "133"]
[EventDate "2001.??.??"]

1. d4 Nf6 2. c4 e6 3. Nf3 b6 4. Bf4 Bb7 5. e3 Be7 6. h3 c5 7. dxc5 bxc5 8. Bd3
Nc6 9. O-O d5 10. cxd5 Nxd5 11. Bg3 O-O 12. a3 Bd6 13. Bxd6 Qxd6 14. Qc2 g6 15.
Rd1 Ne5 16. Nxe5 Qxe5 17. Nd2 Nf6 18. Nc4 Qg5 19. f4 Qg3 20. Qf2 Qxf2+ 21. Kxf2
Rab8 22. b4 Bd5 23. bxc5 Rfc8 24. Nd2 Rxc5 25. e4 Bc6 26. Rac1 Nd7 27. Ke3 e5
28. Rxc5 Nxc5 29. fxe5 Nxd3 30. Kxd3 Bb5+ 31. Kc3 Rc8+ 32. Kb4 Bd3 33. g4 Rc2
34. Kb3 Rc5 35. Re1 Rxe5 36. Kc3 Ba6 37. Nb3 f5 38. Kd4 Rxe4+ 39. Rxe4 fxe4 40.
Nc5 Bd3 41. Nxd3 exd3 42. Kxd3 Kf7 43. Ke4 Kf6 44. Kf4 h6 45. a4 a5 46. g5+
hxg5+ 47. Kg4 Ke6 48. Kxg5 Kf7 49. h4 Kg7 50. Kf4 Kf6 51. Ke4 Ke6 52. Kf3 Kf5
53. Kg3 Ke5 54. Kh3 Kf4 55. h5 gxh5 56. Kh4 Ke4 57. Kxh5 Kd4 58. Kg5 Kc4 59.
Kf4 Kb4 60. Ke3 Kxa4 61. Kd2 Kb3 62. Kc1 Ka2 63. Kc2 a4 64. Kc3 a3 65. Kc2 Ka1
66. Kb3 a2 67. Kc2 {NewHal9000 stalemated} 1/2-1/2

[Event "ICS rated bullet match"]
[Site "204.178.125.65"]
[Date "2001.08.21"]
[Round "?"]
[White "jo"]
[Black "Hossa"]
[Result "0-1"]
[WhiteElo "2305"]
[BlackElo "2409"]
[PlyCount "34"]
[EventDate "2001.??.??"]

1. e4 c5 2. f4 e5 3. fxe5 Qh4+ 4. Ke2 Qxe4+ 5. Kf2 Qd4+ 6. Ke1 Qh4+ 7. Ke2 Nc6
8. Nf3 Nd4+ 9. Nxd4 Qe4+ 10. Kf2 Qxd4+ 11. Ke1 Qh4+ 12. Ke2 d5 13. g3 Qe4+ 14.
Kf2 c4 15. Bg2 Bc5+ 16. Kf1 Bh3 17. Rg1 Qf5+ {jo resigns} 0-1

[Event "ICS rated blitz match"]
[Site "204.178.125.65"]
[Date "2001.08.21"]
[Round "?"]
[White "NewHal9000"]
[Black "Hossa"]
[Result "1-0"]
[WhiteElo "2731"]
[BlackElo "2641"]
[PlyCount "159"]
[EventDate "2001.??.??"]

1. c4 Nf6 2. Nf3 c5 3. Nc3 e6 4. g3 Be7 5. Bg2 O-O 6. O-O d5 7. cxd5 exd5 8. d4
Nc6 9. Bg5 c4 10. Ne5 Be6 11. e3 Nb4 12. a3 Nc6 13. b3 Qa5 14. Qe1 Qc7 15. bxc4
dxc4 16. f4 Nxe5 17. fxe5 Ne8 18. Bxe7 Qxe7 19. Rb1 Rb8 20. Qe2 Qxa3 21. Nd5 c3
22. Ra1 Qb2 23. Qxb2 cxb2 24. Rxa7 Bxd5 25. Bxd5 Nc7 26. Bc4 Na6 27. Ba2 Rfc8
28. e6 Rc1 29. e7 Rxf1+ 30. Kxf1 Nc7 31. Ke2 g6 32. e4 Kg7 33. Kd3 Kf6 34. e8=Q
Nxe8 35. Kc2 Nc7 36. Kxb2 Nb5 37. Ra4 Nc7 38. e5+ Kg7 39. d5 Na6 40. d6 Nc5 41.
Ra5 b6 42. Ra3 Rf8 43. Kc3 f6 44. Ra7+ Kh6 45. Kd4 fxe5+ 46. Kxe5 Rf5+ 47. Kd4
Rf8 48. Kd5 Rd8 49. Kc6 Ne4 50. d7 Nc5 51. Kd6 Kg5 52. Ke7 Rxd7+ 53. Rxd7 Nxd7
54. Kxd7 Kg4 55. Be6+ Kf3 56. Ke7 h5 57. Kf6 Kg2 58. h4 Kxg3 59. Kg5 b5 60. Bf7
b4 61. Bxg6 Kh3 62. Bxh5 Kh2 63. Bg6 Kg3 64. h5 Kf3 65. h6 Ke3 66. h7 Kd4 67.
h8=Q+ Kc4 68. Qe5 Kb3 69. Kf4 Ka4 70. Bc2+ b3 71. Qe4+ Kb5 72. Bxb3 Kc5 73.
Qc4+ Kb6 74. Qd5 Kc7 75. Qe6 Kd8 76. Qf7 Kc8 77. Ke5 Kb8 78. Kd6 Ka8 79. Kc6
Kb8 80. Qb7# {Hossa checkmated} 1-0

[Event "ICS rated blitz match"]
[Site "204.178.125.65"]
[Date "2001.08.21"]
[Round "?"]
[White "MelRose21"]
[Black "Hossa"]
[Result "1-0"]
[WhiteElo "2177"]
[BlackElo "2629"]
[PlyCount "50"]
[EventDate "2001.??.??"]

1. e4 c5 2. Nc3 e6 3. f4 Nc6 4. Nf3 d5 5. Bb5 Nge7 6. d3 d4 7. Bxc6+ Nxc6 8.
Ne2 Be7 9. O-O O-O 10. Ne5 Nxe5 11. fxe5 Bd7 12. Ng3 Qc7 13. Bf4 c4 14. Qg4 Kh8
15. Nh5 Rg8 16. Rf3 cxd3 17. Rh3 h6 18. Nf6 Bxf6 19. exf6 Kh7 20. Bxc7 dxc2 21.
Bf4 b6 22. Qh5 Rgf8 23. fxg7 Kg8 24. Qxh6 c1=Q+ 25. Rxc1 f6 {Hossa resigns} 1-0

[Event "ICS rated blitz match"]
[Site "204.178.125.65"]
[Date "2001.08.21"]
[Round "?"]
[White "Hossa"]
[Black "MelRose21"]
[Result "1-0"]
[WhiteElo "2599"]
[BlackElo "2207"]
[PlyCount "35"]
[EventDate "2001.??.??"]

1. d4 Nf6 2. c4 d6 3. Nf3 Bg4 4. Nc3 Nbd7 5. e4 e5 6. Be2 Be7 7. O-O O-O 8. Be3
c6 9. Ng5 Bxe2 10. Qxe2 h6 11. Nf3 Ng4 12. Nxe5 Ndxe5 13. dxe5 Nxe3 14. Qxe3
dxe5 15. Rfd1 Qc7 16. Rd3 Rad8 17. Rxd8 Rxd8 18. Qxa7 {MelRose21 resigns} 1-0

[Event "ICS rated blitz match"]
[Site "204.178.125.65"]
[Date "2001.08.21"]
[Round "?"]
[White "momolin"]
[Black "Hossa"]
[Result "0-1"]
[WhiteElo "2254"]
[BlackElo "2593"]
[PlyCount "66"]
[EventDate "2001.??.??"]

1. e3 Nf6 2. c4 e5 3. Nf3 e4 4. Nd4 c5 5. Ne2 b6 6. Nbc3 Bb7 7. Nf4 Bd6 8. g3
Bxf4 9. gxf4 d5 10. cxd5 O-O 11. Rg1 Bxd5 12. b3 Bc6 13. Bb2 Qe7 14. Qc2 a5 15.
d3 g6 16. dxe4 Nxe4 17. Nxe4 Bxe4 18. Qc3 f6 19. Bc4+ Kh8 20. h4 Nc6 21. h5 Nb4
22. hxg6 Bxg6 23. Ke2 Rad8 24. Rxg6 hxg6 25. Rh1+ Kg7 26. Rg1 Qe4 27. a3 Na2
28. Qd3 Rxd3 29. Bxd3 Qe8 30. f5 g5 31. Rxg5+ Kh7 32. Rg6 Qc6 33. Bb1 Qb5+ {
momolin resigns} 0-1

[Event "ICS Rated standard match"]
[Site "204.178.125.65"]
[Date "2001.08.21"]
[Round "?"]
[White "Butcher"]
[Black "Hossa"]
[Result "0-1"]
[WhiteElo "2174"]
[BlackElo "2303"]
[PlyCount "58"]
[EventDate "2001.??.??"]

1. d4 Nf6 2. c4 e6 3. Nf3 b6 4. a3 Bb7 5. Nc3 d5 6. cxd5 Nxd5 7. e4 Nxc3 8.
bxc3 Bxe4 9. Ne5 c6 10. Qg4 Bf5 11. Qh5 g6 12. Qf3 Qd5 13. Qxd5 exd5 14. Bd3
Bxd3 15. Nxd3 Bd6 16. O-O O-O 17. Re1 Nd7 18. a4 Rfe8 19. Be3 c5 20. Rad1 c4
21. Nc1 Nf6 22. f3 Re6 23. Re2 Rae8 24. Rde1 Nh5 25. Bh6 Nf4 26. Rxe6 Rxe6 27.
Rxe6 Nxe6 28. Ne2 g5 29. Kf2 f6 {Butcher resigns} 0-1

[Event "ICS Rated blitz match"]
[Site "204.178.125.65"]
[Date "2001.08.21"]
[Round "?"]
[White "Hossa"]
[Black "TacticalFish"]
[Result "1-0"]
[WhiteElo "2597"]
[BlackElo "2113"]
[PlyCount "111"]
[EventDate "2001.??.??"]

1. c4 Nf6 2. Nc3 d6 3. d4 g6 4. e4 Bg7 5. Nf3 O-O 6. Bd3 e5 7. dxe5 dxe5 8. O-O
Nc6 9. Bg5 h6 10. Be3 Kh7 11. Qd2 Be6 12. Bc5 Re8 13. Rfd1 Bg4 14. Qe3 Bxf3 15.
Qxf3 Nd4 16. Qg3 c6 17. Ba3 Qd7 18. Bb4 Qg4 19. Qxg4 Nxg4 20. Ne2 Nxe2+ 21.
Bxe2 Nf6 22. Bf3 Red8 23. Bd6 Ne8 24. Be7 Rd4 25. Rac1 Rc8 26. Bc5 Rdd8 27.
Rxd8 Rxd8 28. Bxa7 Rd2 29. Rb1 Nd6 30. Be3 Rc2 31. Bd1 Rxc4 32. f3 Rb4 33. a3
Rb5 34. b4 Kg8 35. a4 Kf8 36. Be2 Ke7 37. axb5 Nxb5 38. Bxb5 cxb5 39. Rd1 Bf6
40. Rd5 h5 41. Rxb5 Bg7 42. Bg5+ Ke6 43. Rb6+ Kd7 44. Rxb7+ Kc6 45. Rxf7 Bh8
46. Rh7 Bf6 47. Bxf6 Kb5 48. Rc7 Kxb4 49. Kf2 Kb5 50. Ke3 Kb6 51. Bxe5 Kb5 52.
Kd4 Kb6 53. Kd5 Kb5 54. Rb7+ Ka4 55. Kc4 Ka3 56. Ra7# {TacticalFish checkmated}
1-0

[Event "ICS rated blitz match"]
[Site "204.178.125.65"]
[Date "2001.08.21"]
[Round "?"]
[White "Tinker"]
[Black "Hossa"]
[Result "1-0"]
[WhiteElo "2476"]
[BlackElo "2599"]
[PlyCount "61"]
[EventDate "2001.??.??"]

1. e4 c5 2. Nf3 d6 3. d4 cxd4 4. Nxd4 Nf6 5. Nc3 a6 6. Bg5 e6 7. f4 Be7 8. Qf3
O-O 9. O-O-O Qc7 10. Bd3 Nc6 11. Nxc6 bxc6 12. Qg3 Rd8 13. e5 dxe5 14. fxe5 Nd5
15. Bxe7 Qxe7 16. Ne4 Ra7 17. a3 Kh8 18. Ng5 h6 19. Ne4 a5 20. Rhf1 Rad7 21.
Nd6 f5 22. Kb1 Bb7 23. c4 Nb6 24. Qg6 Ba6 25. Rxf5 Qf6 26. Rxf6 gxf6 27. Nf7+
Rxf7 28. Qxh6+ Kg8 29. Bh7+ Rxh7 30. Rxd8+ Kf7 31. Qxh7# {Hossa checkmated} 1-0

[Event "ICS rated blitz match"]
[Site "204.178.125.65"]
[Date "2001.08.21"]
[Round "?"]
[White "Hossa"]
[Black "malediction"]
[Result "1-0"]
[WhiteElo "2578"]
[BlackElo "2017"]
[PlyCount "99"]
[EventDate "2001.??.??"]

1. d4 d5 2. c3 c6 3. e3 Nf6 4. Nf3 Bf5 5. Nbd2 e6 6. Nh4 Bg6 7. Nxg6 hxg6 8. c4
Bd6 9. c5 Be7 10. Bd3 O-O 11. b4 a5 12. bxa5 Rxa5 13. Bb2 Nbd7 14. f4 b6 15.
cxb6 Qxb6 16. Bc3 Ra3 17. Nb1 Rxc3 18. Nxc3 Bb4 19. Qb3 Qa5 20. Rc1 c5 21. O-O
c4 22. Bxc4 dxc4 23. Qxc4 Bxc3 24. Qxc3 Qxc3 25. Rxc3 Nd5 26. Rb3 N7f6 27. a4
Ra8 28. Ra3 Ne4 29. Rc1 Kh7 30. a5 Ra6 31. g3 g5 32. fxg5 Nxg5 33. Kf2 Ne4+ 34.
Kf3 f5 35. h4 Kg6 36. g4 Nef6 37. gxf5+ exf5 38. Rg1+ Ng4 39. e4 Ne7 40. exf5+
Kxf5 41. Rxg4 g6 42. Rf4+ Ke6 43. Re3+ Kd5 44. Rxe7 Rxa5 45. Re5+ Kc4 46. Rxa5
Kc3 47. Rc5+ Kb4 48. Rf6 Kb3 49. Rb6+ Ka2 50. Ra5# {malediction checkmated} 1-0

[Event "ICS Rated blitz match"]
[Site "204.178.125.65"]
[Date "2001.08.21"]
[Round "?"]
[White "Hossa"]
[Black "malediction"]
[Result "1-0"]
[WhiteElo "2580"]
[BlackElo "2015"]
[PlyCount "51"]
[EventDate "2001.??.??"]

1. c4 e5 2. Nc3 Nc6 3. g3 d6 4. Bg2 Nf6 5. f4 Be7 6. Bxc6+ bxc6 7. fxe5 dxe5 8.
Nf3 Bd6 9. d4 exd4 10. Nxd4 Bd7 11. Bg5 h6 12. Bxf6 Qxf6 13. Rf1 Qe7 14. Qd3
O-O 15. Nf5 Bxf5 16. Rxf5 Rad8 17. Qe4 Qxe4 18. Nxe4 Bb4+ 19. Kf2 Rfe8 20. Kf3
Rd4 21. Rf4 Kh8 22. Nf2 Rxf4+ 23. gxf4 Rd8 24. Nd3 Be7 25. Ne5 Bf6 26. Nxf7+ {
malediction resigns} 1-0

[Event "ICS Rated blitz match"]
[Site "204.178.125.65"]
[Date "2001.08.21"]
[Round "?"]
[White "Hossa"]
[Black "malediction"]
[Result "1-0"]
[WhiteElo "2582"]
[BlackElo "2013"]
[PlyCount "42"]
[EventDate "2001.??.??"]

1. e4 e5 2. Nf3 Nc6 3. d4 exd4 4. Nxd4 Nf6 5. Nc3 Bb4 6. Nxc6 bxc6 7. Bd2 d5 8.
exd5 cxd5 9. Bb5+ Bd7 10. Qe2+ Qe7 11. Bxd7+ Kxd7 12. Be3 Bxc3+ 13. bxc3 c6 14.
Rb1 Rab8 15. O-O Qa3 16. Qd1 Qxc3 17. Bxa7 Rxb1 18. Qxb1 Qa5 19. Bd4 Ne4 20. c4
f6 21. cxd5 Rc8 {malediction resigns} 1-0

[Event "ICS rated blitz match"]
[Site "204.178.125.65"]
[Date "2001.08.21"]
[Round "?"]
[White "Hossa"]
[Black "malediction"]
[Result "1-0"]
[WhiteElo "2584"]
[BlackElo "2011"]
[PlyCount "43"]
[EventDate "2001.??.??"]

1. e4 e5 2. Nf3 Nc6 3. Bb5 f5 4. d3 Nf6 5. exf5 d6 6. d4 e4 7. Ng5 Bxf5 8. O-O
d5 9. f3 a6 10. Bxc6+ bxc6 11. fxe4 Bxe4 12. Nc3 Be7 13. Ne6 Qd6 14. Nxg7+ Kf7
15. Nxe4 dxe4 16. Nf5 Qd5 17. Qe2 Rhg8 18. c4 Qd7 19. Nh6+ Ke6 20. Qf2 Rg6 21.
Qf5+ Kd6 22. Nf7# {malediction checkmated} 1-0

[Event "ICS rated blitz match"]
[Site "204.178.125.65"]
[Date "2001.08.21"]
[Round "?"]
[White "Yace"]
[Black "Hossa"]
[Result "1-0"]
[WhiteElo "2857"]
[BlackElo "2585"]
[PlyCount "112"]
[EventDate "2001.??.??"]

1. e4 c5 2. Nf3 d6 3. d4 cxd4 4. Nxd4 Nf6 5. Nc3 a6 6. Be2 e5 7. Nb3 Be7 8. O-O
O-O 9. Be3 b6 10. Nd5 Nxd5 11. Qxd5 Ra7 12. a4 a5 13. Bc4 Be6 14. Qb5 Nd7 15.
Bxe6 fxe6 16. Nd2 Rb7 17. Nc4 Qc7 18. b3 Rbb8 19. Rad1 Rb7 20. Rd3 Nc5 21. Bxc5
bxc5 22. Qxa5 Qc6 23. Qd2 Qxe4 24. Nxd6 Bxd6 25. Rxd6 c4 26. Qc3 cxb3 27. cxb3
Qf5 28. Qc4 Qf7 29. f3 Re8 30. Rfd1 Rbb8 31. Rd7 Qg6 32. Rc7 Kh8 33. Re1 Rf8
34. Qc3 Rbd8 35. Qxe5 Rd2 36. Qg3 Qf6 37. h3 Rb2 38. Rxe6 Rb1+ 39. Kh2 Qd4 40.
Re1 Rxe1 41. Qxe1 Rb8 42. a5 h5 43. a6 Ra8 44. Qe7 Kh7 45. Rd7 Qf4+ 46. g3 Qf8
47. Qe4+ Kh8 48. Rd5 Rxa6 49. Rxh5+ Rh6 50. Re5 Rf6 51. Re8 Rxf3 52. Rxf8+ Rxf8
53. b4 Rf2+ 54. Kg1 Rb2 55. b5 Kg8 56. Qe5 Rb1+ {Hossa resigns} 1-0

[Event "ICS rated blitz match"]
[Site "204.178.125.65"]
[Date "2001.08.21"]
[Round "?"]
[White "malediction"]
[Black "Hossa"]
[Result "0-1"]
[WhiteElo "2025"]
[BlackElo "2579"]
[PlyCount "44"]
[EventDate "2001.??.??"]

1. e4 c5 2. Nf3 d6 3. Bb5+ Nc6 4. d4 cxd4 5. Nxd4 Qc7 6. c4 e5 7. Nc2 Be7 8.
Nc3 Nf6 9. O-O O-O 10. Nd5 Nxd5 11. cxd5 Nb8 12. Be3 f5 13. f3 Nd7 14. Rc1 fxe4
15. fxe4 Nf6 16. Bd3 Ng4 17. Qd2 Bf6 18. h3 Nxe3 19. Nxe3 Qe7 20. Nf5 Bxf5 21.
Rxf5 g6 22. Rf3 Bg5 {malediction resigns} 0-1

[Event "ICS rated blitz match"]
[Site "204.178.125.65"]
[Date "2001.08.21"]
[Round "?"]
[White "Hossa"]
[Black "malediction"]
[Result "1-0"]
[WhiteElo "2580"]
[BlackElo "2024"]
[PlyCount "107"]
[EventDate "2001.??.??"]

1. c4 e5 2. Nc3 Nf6 3. g3 Bb4 4. Bg2 O-O 5. Nf3 Re8 6. O-O e4 7. Ng5 Bxc3 8.
bxc3 h6 9. Nh3 Nc6 10. Nf4 d6 11. d3 Bf5 12. Rb1 b6 13. Qc2 Qd7 14. Bd2 Rad8
15. Be3 exd3 16. exd3 Ne5 17. Bd4 c5 18. Bxe5 dxe5 19. Nd5 Nxd5 20. Bxd5 Be6
21. Rfe1 Bxd5 22. cxd5 Qxd5 23. Rbd1 f6 24. Re4 Rd7 25. Qe2 Red8 26. Rd2 Qb7
27. f4 exf4 28. gxf4 Kf8 29. Re6 Qa6 30. Re3 Qa3 31. Rc2 Qa4 32. Rf3 Re7 33.
Qf2 Rde8 34. Rd2 Re1+ 35. Kg2 Rc1 36. d4 cxd4 37. cxd4 Rec8 38. Rb3 R8c4 39. f5
Qc6+ 40. d5 Qd6 41. Re3 Kg8 42. Re8+ Kh7 43. Re3 Qc5 44. d6 R1c2 45. Red3 Rxd2
46. Rxd2 Qxf2+ 47. Kxf2 Rc8 48. Kf3 Rd8 49. Ke4 Kg8 50. Kd5 Kf7 51. Kc6 Ke8 52.
d7+ Ke7 53. Kc7 h5 54. Re2+ {malediction resigns} 1-0

[Event "ICS Rated blitz match"]
[Site "204.178.125.65"]
[Date "2001.08.21"]
[Round "?"]
[White "Hossa"]
[Black "malediction"]
[Result "1-0"]
[WhiteElo "2582"]
[BlackElo "2022"]
[PlyCount "95"]
[EventDate "2001.??.??"]

1. c4 Nf6 2. d4 e6 3. Nc3 Bb4 4. e3 O-O 5. Bd3 d5 6. Nf3 c5 7. cxd5 cxd4 8.
exd4 Nxd5 9. Qc2 h6 10. O-O Nc6 11. Nxd5 Qxd5 12. Be3 Bd6 13. a3 Bd7 14. Bh7+
Kh8 15. Be4 Qh5 16. Rac1 Rac8 17. Qd1 b6 18. Rc3 Ne7 19. Ne5 Qxd1 20. Rxd1 Rxc3
21. bxc3 Ba4 22. Ra1 Kg8 23. Nc4 Bb8 24. Nb2 Bc6 25. Bxc6 Nxc6 26. Re1 Rc8 27.
Rc1 Bd6 28. Nc4 Be7 29. a4 Nb8 30. Nd2 Ba3 31. Rc2 Nd7 32. c4 Bb4 33. Nb3 Kh7
34. Nc1 Kg6 35. Nd3 Ba5 36. g4 Kf6 37. c5 Rc6 38. Kg2 Kg6 39. f4 f5 40. h3 h5
41. g5 Kf7 42. Kf3 Ke7 43. Bg1 g6 44. Bf2 Kf7 45. Be3 Ke7 46. Re2 Kf7 47. Bf2
Ke7 48. d5 {malediction resigns} 1-0

[Event "ICS rated blitz match"]
[Site "204.178.125.65"]
[Date "2001.08.21"]
[Round "?"]
[White "malediction"]
[Black "Hossa"]
[Result "1/2-1/2"]
[WhiteElo "2021"]
[BlackElo "2583"]
[PlyCount "189"]
[EventDate "2001.??.??"]

1. e4 c5 2. Nf3 d6 3. Bb5+ Nc6 4. d4 cxd4 5. Nxd4 Qc7 6. Nc3 e5 7. Nd5 Qd7 8.
Nb3 Be7 9. O-O Bd8 10. Be3 Nf6 11. Nxf6+ Bxf6 12. Qd2 O-O 13. Rfd1 Rd8 14. c4
Qe7 15. Rac1 Bh4 16. Rc3 Bg4 17. f3 Be6 18. Rd3 a6 19. Bxc6 bxc6 20. Na5 Qc7
21. b3 Rab8 22. b4 Be7 23. c5 dxc5 24. Nxc6 Rxd3 25. Nxe7+ Qxe7 26. Qxd3 cxb4
27. Qxa6 f6 28. Rd6 Bf7 29. Bc5 Qc7 30. Rc6 Qd8 31. Bd6 Ra8 32. Qb7 Qe8 33. Rc1
Bxa2 34. Rc7 Kh8 35. Rxg7 Bg8 36. Rg4 Ra1+ 37. Kf2 Qf7 38. Qxf7 Bxf7 39. Bxb4
Be6 40. Rg3 Ra2+ 41. Ke1 Ra7 42. Kd2 Rg7 43. Rxg7 Kxg7 44. g4 Bc4 45. h4 Kg6
46. Ke3 h6 47. Bf8 Bb5 48. h5+ Kh7 49. Kd2 Bc4 50. Ke1 Bd3 51. Kf2 Bc4 52. Ke3
Bb5 53. f4 exf4+ 54. Kxf4 Bd7 55. Bb4 Kg7 56. Bc3 Be6 57. e5 fxe5+ 58. Bxe5+
Kf7 59. Bb2 Bc4 60. Kg3 Bb3 61. Kh4 Bc2 62. Bd4 Be4 63. Kg3 Bd3 64. Kf4 Be2 65.
Bc3 Bc4 66. Kg3 Kg8 67. Kh4 Bd3 68. Bd2 Kg7 69. Kg3 Be4 70. Kf4 Bd3 71. Ke5 Be2
72. Kf5 Bb5 73. Bxh6+ Kxh6 74. Kf6 Bd7 75. g5+ Kh7 76. g6+ Kh6 77. g7 Be6 78.
Kxe6 Kxg7 79. Kf5 Kh7 80. Kg4 Kh8 81. Kg5 Kg8 82. Kh6 Kh8 83. Kg6 Kg8 84. Kg5
Kh8 85. Kh6 Kg8 86. Kg6 Kh8 87. h6 Kg8 88. Kg5 Kh8 89. Kh5 Kg8 90. Kg6 Kh8 91.
Kg5 Kg8 92. Kh5 Kh8 93. Kg6 Kg8 94. h7+ Kh8 95. Kh6 {Hossa stalemated} 1/2-1/2

[Event "ICS rated blitz match"]
[Site "204.178.125.65"]
[Date "2001.08.21"]
[Round "?"]
[White "Hossa"]
[Black "ChesterX"]
[Result "0-1"]
[WhiteElo "2568"]
[BlackElo "2740"]
[PlyCount "97"]
[EventDate "2001.??.??"]

1. c4 e5 2. Nc3 Bb4 3. Nd5 Ba5 4. b4 c6 5. bxa5 cxd5 6. cxd5 Qxa5 7. Qc2 Ne7 8.
d6 Nec6 9. Bb2 Qd5 10. Ba3 O-O 11. e3 b6 12. Bd3 Ba6 13. Bxh7+ Kh8 14. Ne2 g6
15. Bxg6 fxg6 16. Qxg6 Bd3 17. Qh6+ Kg8 18. Qg5+ Kh7 19. f3 Qa5 20. Qh5+ Kg7
21. Bc1 Rf6 22. Ng3 Rxd6 23. e4 Nd4 24. Qe8 Rg6 25. Bb2 Nbc6 26. Qxa8 Nc2+ 27.
Kd1 Nxa1 28. Nf5+ Kf7 29. Qh8 Qa4+ 30. Ke1 Bxe4 31. Qh7+ Kf6 32. fxe4 Qxe4+ 33.
Ne3 Qb1+ 34. Kf2 Rxg2+ 35. Kxg2 Qxh7 36. Rxa1 Ke6 37. h3 Qd3 38. Bc3 d5 39. Nf1
d4 40. Bb2 Qe2+ 41. Kg1 e4 42. Ba3 Ne5 43. Kh1 Qf3+ 44. Kg1 Qxa3 45. h4 Nf3+
46. Kh1 Nxh4 47. Nh2 Qh3 48. Rg1 Nf3 49. Rg2 {Hossa resigns} 0-1

[Event "ICS rated blitz match"]
[Site "204.178.125.65"]
[Date "2001.08.21"]
[Round "?"]
[White "ChesterX"]
[Black "Hossa"]
[Result "1/2-1/2"]
[WhiteElo "2749"]
[BlackElo "2559"]
[PlyCount "124"]
[EventDate "2001.??.??"]

1. d4 Nf6 2. c4 e6 3. g3 d5 4. Bg2 dxc4 5. Nf3 a6 6. O-O Nc6 7. Na3 Bxa3 8.
bxa3 O-O 9. Bb2 Ra7 10. Ne5 Nxe5 11. dxe5 Nd7 12. a4 c5 13. Qc2 b5 14. Be4 f5
15. exf6 Nxf6 16. Bxf6 gxf6 17. axb5 axb5 18. a4 bxa4 19. Qxc4 Qd4 20. Rfc1
Qxc4 21. Rxc4 Bd7 22. Rxc5 Rb8 23. Rc3 f5 24. Bd3 Rc8 25. Rxc8+ Bxc8 26. Ra3
Bd7 27. e4 Kg7 28. Kf1 fxe4 29. Bxe4 Bb5+ 30. Ke1 Kf6 31. Kd2 Ke5 32. Ke3 Kd6
33. Bd3 Bxd3 34. Kxd3 Kc5 35. Ra2 Ra8 36. h4 Ra7 37. Ra1 a3 38. Kc3 Rf7 39.
Rxa3 Rf3+ 40. Kb2 Rxf2+ 41. Kc1 e5 42. g4 Rh2 43. h5 Rg2 44. h6 e4 45. Ra7 e3
46. Kd1 Rxg4 47. Ke2 Rg2+ 48. Kxe3 Rg6 49. Ra5+ Kb6 50. Rh5 Kc6 51. Kf4 Rg1 52.
Ra5 Rd1 53. Ra4 Rf1+ 54. Ke5 Re1+ 55. Re4 Rxe4+ 56. Kxe4 Kd6 57. Kf5 Ke7 58.
Kg5 Kf7 59. Kf5 Ke7 60. Kg5 Kf7 61. Kf5 Ke7 62. Kg5 Kf7 {
Game drawn by repetition} 1/2-1/2

[Event "ICS Rated blitz match"]
[Site "204.178.125.65"]
[Date "2001.08.21"]
[Round "?"]
[White "Hossa"]
[Black "ChesterX"]
[Result "0-1"]
[WhiteElo "2567"]
[BlackElo "2741"]
[PlyCount "83"]
[EventDate "2001.??.??"]

1. d4 Nf6 2. c4 e6 3. Nf3 b6 4. g3 Ba6 5. Qa4 Bb7 6. Bg2 c5 7. dxc5 Bxc5 8. O-O
O-O 9. Nc3 Be7 10. Rd1 Na6 11. Be3 Qc8 12. Rac1 Nc5 13. Qc2 Nce4 14. Bd4 d6 15.
Nb5 e5 16. Be3 Ng4 17. Nxe5 Nxe3 18. fxe3 Bg5 19. Bxe4 Bxe3+ 20. Kh1 Bxc1 21.
Nxd6 Bxe4+ 22. Qxe4 Qe6 23. Ndxf7 Rae8 24. Qg2 Bxb2 25. Rd6 Qf5 26. e4 Rxe5 27.
Nxe5 Qxe5 28. Rd5 Qe6 29. Kg1 Bf6 30. Qc2 Re8 31. e5 Bxe5 32. Qd2 Bc7 33. a3
Kh8 34. Qc3 Rf8 35. Rg5 Rf6 36. Rd5 Qe2 37. Qxf6 gxf6 38. a4 Be5 39. Rd8+ Kg7
40. a5 bxa5 41. Rd7+ Kg6 42. c5 {Hossa resigns} 0-1

[Event "ICS rated blitz match"]
[Site "204.178.125.65"]
[Date "2001.08.21"]
[Round "?"]
[White "Tinker"]
[Black "Hossa"]
[Result "1/2-1/2"]
[WhiteElo "2520"]
[BlackElo "2558"]
[PlyCount "87"]
[EventDate "2001.??.??"]

1. e4 c5 2. Nf3 d6 3. d4 cxd4 4. Nxd4 Nf6 5. Nc3 a6 6. Bg5 e6 7. f4 Be7 8. Qf3
O-O 9. O-O-O Qc7 10. Bd3 Nc6 11. Nxc6 bxc6 12. Qg3 e5 13. Be2 Rb8 14. fxe5 dxe5
15. Bh6 Ne8 16. a3 Qb7 17. Na4 Be6 18. Bd2 c5 19. Bc3 f6 20. Bg4 Bxg4 21. Qxg4
Rf7 22. Rd5 Nc7 23. Rxc5 Bxc5 24. Nxc5 Qb5 25. Nb3 Qc4 26. Nd2 Qa2 27. Qh3 Ne6
28. Qd3 Rc7 29. Qd6 Rd8 30. Qxa6 Rcc8 31. Re1 Kh8 32. Re3 Nd4 33. Bxd4 exd4 34.
Rb3 Qa1+ 35. Nb1 Re8 36. Rb4 f5 37. e5 d3 38. Qxd3 Rxe5 39. Qc3 Ree8 40. Rc4
Rcd8 41. Rd4 Rc8 42. Rc4 Rcd8 43. Rd4 Rc8 44. Rc4 {Game drawn by repetition}
1/2-1/2

[Event "ICS rated standard match"]
[Site "204.178.125.65"]
[Date "2001.08.21"]
[Round "?"]
[White "Hossa"]
[Black "diep"]
[Result "0-1"]
[WhiteElo "2313"]
[BlackElo "2354"]
[PlyCount "139"]
[EventDate "2001.??.??"]

1. e4 Nf6 2. Nc3 d6 3. d4 e5 4. dxe5 dxe5 5. Qxd8+ Kxd8 6. Bd2 Bd6 7. Bc4 Ke7
8. O-O-O Nbd7 9. Kb1 Nb6 10. Bd3 Be6 11. Nf3 Ng4 12. Rhf1 h6 13. Nb5 a6 14.
Nxd6 cxd6 15. h3 Nf6 16. Bb4 Nbd7 17. c3 a5 18. Ba3 Rhc8 19. Rh1 Nc5 20. Rhe1
Nh5 21. Bf1 Nf4 22. Rd2 b6 23. Ng1 g5 24. g3 Nh5 25. Ka1 Rd8 26. c4 Nf6 27. f3
Nh5 28. Rg2 Rf8 29. Rd1 Rad8 30. Rdd2 Rc8 31. b3 a4 32. b4 Nb7 33. c5 bxc5 34.
Ba6 cxb4 35. Bxb7 bxa3 36. Bxc8 Rxc8 37. Rd1 Rc4 38. g4 Nf4 39. Rgd2 d5 40.
exd5 Bxd5 41. Rb1 f6 42. Rf1 Rc3 43. Rfd1 Re3 44. Rf1 Kf7 45. Rc2 Rd3 46. Rcf2
Kg6 47. Rb1 Ne6 48. Rbf1 Nd4 49. Kb1 h5 50. Kc1 Rc3+ 51. Kd1 Bb3+ 52. Kd2 Rc2+
53. Ke3 Bxa2 54. Ra1 Rxf2 55. gxh5+ Kxh5 56. Kxf2 Bb3 57. Rxa3 Nc2 58. Rxb3
axb3 59. Ne2 b2 60. Nc3 Na3 61. Kg3 f5 62. Kf2 Kh4 63. Kg2 e4 64. fxe4 fxe4 65.
Nd5 b1=Q 66. Ne3 Qb2+ 67. Kg1 Qe2 68. Nf1 Kxh3 69. Ne3 g4 70. Nf5 {
Hossa resigns} 0-1

[Event "ICS rated blitz match"]
[Site "204.178.125.65"]
[Date "2001.08.22"]
[Round "?"]
[White "ChessAcademy"]
[Black "Hossa"]
[Result "0-1"]
[WhiteElo "2068"]
[BlackElo "2556"]
[PlyCount "104"]
[EventDate "2001.??.??"]

1. e4 Nf6 2. e5 Nd5 3. d4 d6 4. Nf3 Nb6 5. Be2 Nc6 6. O-O dxe5 7. dxe5 Bf5 8.
Bd3 Bxd3 9. cxd3 e6 10. Nc3 Be7 11. Qe2 O-O 12. a3 Nd4 13. Nxd4 Qxd4 14. Qe4
Rfd8 15. Qxd4 Rxd4 16. Be3 Rxd3 17. Rfd1 Rxd1+ 18. Rxd1 Nc4 19. Bf4 Nxb2 20.
Rb1 Nd3 21. g3 b6 22. a4 g5 23. Rd1 Rd8 24. Be3 Nxe5 25. Rxd8+ Bxd8 26. Ne4 f5
27. Nc3 c5 28. Nb5 a6 29. Nd6 Nd3 30. Nc8 a5 31. Bd2 Nb2 32. Bc3 Nxa4 33. Ba1
c4 34. Kf1 c3 35. Bxc3 Nxc3 36. Ke1 a4 37. Kd2 Ne4+ 38. Kc2 Nxf2 39. Nd6 Ng4
40. Nc4 Nxh2 41. Kb2 f4 42. Ka3 fxg3 43. Ne3 Be7+ 44. Kxa4 h5 45. Kb3 h4 46.
Kc2 h3 47. Kd1 g2 48. Nxg2 hxg2 49. Ke2 g1=Q 50. Kd3 Qd1+ 51. Ke3 Bc5+ 52. Ke4
Qe2# {ChessAcademy checkmated} 0-1